| 000 | 00929nas a2200289 4500 | ||
|---|---|---|---|
| 001 | BR2016001796 | ||
| 003 | BR-BrBNA | ||
| 005 | 20231205130326.0 | ||
| 007 | ta | ||
| 008 | 230509b bl.|||p| |||| 00| 00por d | ||
| 040 |
_aBR-BrBNA _bpor _cBiblioteca Nacional de Agricultura |
||
| 041 | _a(En) | ||
| 072 | _aL73 | ||
| 100 | 1 | _aFerreira, M.R.A. | |
| 100 | 1 | _aSilva, T. dos S. | |
| 100 | 1 | _aStella, A.E. | |
| 100 | 1 | _aConceição, F.R. | |
| 100 | 1 | _aReis, E.F. dos | |
| 100 | 1 | _aMoreira, C.N. | |
| 245 | 1 | _aDetection of virulence factors and antimicrobial resistance patterns in shiga toxin-producing Escherichia coli isolates from sheep | |
| 650 | _aOVINO | ||
| 650 | _aESCHERICHIA COLI | ||
| 650 | _aRESISTENCIA QUIMICA | ||
| 773 | 0 |
_tPesquisa Veterinária Brasileira (Brazil) _xISSN 0100-736X _g(Sep 2015), v. 35(9) p. 775-780 _wBR2016001796 |
|
| 909 |
_a202311 _bLúcia _c55 _dLúcia Elande |
||
| 942 |
_2AGRIS _n0 _cANA |
||
| 999 |
_c248859 _d248859 |
||